| 000 | 00357nam a2200145Ia 4500 | ||
|---|---|---|---|
| 020 | _a9.7893569329e+012 | ||
| 082 |
_a658.3 _bMAM/H |
||
| 100 | _a20260330u\\\\\\\\\\\y0engy0103\\\\ba | ||
| 100 | _aMamoria, C.B. | ||
| 245 | 0 | _aHuman Resource Management | |
| 250 | _a1st | ||
| 260 |
_aNew Delhi _bHimalaya Pub. House _c2024 |
||
| 300 | _a671p. | ||
| 942 | _cBK | ||
| 999 |
_c52288 _d52288 |
||